00685nam a2200193 a 450000100100000000500170001000800410002702000150006804000250008310000270010824500780013526000430021330000350025650000210029150400260031270000310033895201050036999900170047400004308320201002040626.0140218s2003 xxuac 001 0 spa d a0785817581 aDO-SdBNPbspacBNPHU1 aMacdonald, John97060910aGreat battles of the civil war. /cJohn Macdonald; prefacio, John Keegan. aNew Jersey, :bChartwell Books,c2003. a200 p :bil., retrs. ;c32 cm. aIncluye índice aBibliografía p: 1951 aKeegan, Johnepref.970610 001050718MOaGRbGRcCTd2014-03-10iLF1l0o p43083-10r2020-06-25w2020-06-25y1ZNo se presta c42572d42572